[Event "GER-ch Blitz 2019"]
[Site "Magdeburg"]
[Date "2019.05.25"]
[Round "1.9"]
[White "Schneider, Ilja"]
[Black "Ehmann, Thilo"]
[Result "1/2-1/2"]
[WhiteElo "2494"]
[BlackElo "2291"]
[Annotator "TA"]
[PlyCount "101"]
[EventDate "2019.05.25"]
[EventType "tourn"]
[EventCountry "GER"]
[Tiebreak "Number of wins+Number of black wins"]
[SourceTitle "playchess.com"]
[Source "ChessBase"]
[SourceQuality "1"]

{[%evp 9,101,4,29,33,29,22,24,22,35,0,0,0,12,0,52,0,0,-6,-20,-28,-21,0,0,-168,
-139,-166,0,-217,214,260,260,267,256,242,242,243,256,259,231,214,215,214,214,
216,216,215,218,209,349,304,349,279,287,288,371,87,85,84,82,0,-21,-21,19,19,47,
19,85,85,85,85,85,85,85,85,213,85,85,85,85,85,85,85,85,85,85,72,72,72,72,73,80,
66,80,0]} 1. d4 Nf6 2. Bg5 e6 3. e4 d6 4. Nc3 Be7 5. Qd2 (5. h4 a6 6. Qf3 h6 7.
Bxf6 Bxf6 8. O-O-O Bxh4 9. g3 Bg5+ 10. Kb1 b5 11. e5 Ra7 12. d5 O-O {0-1 (30)
Luukkonen,T (2320)-Nabaty,T (2670) Stockholm 2018}) 5... O-O 6. O-O-O {B07:
Pirc Defence: Miscellaneous Systems} a6 7. f4 $146 ({Predecessor:} 7. Bd3 Nc6
8. Nce2 b5 9. f4 Bb7 10. Nf3 Ng4 11. Rhf1 f6 12. Bh4 f5 13. Bxe7 Nxe7 {1-0 (55)
Kamper,M-Hoffmann,P (1843) Recklinghausen 2011}) 7... b5 8. e5 {White has an
edge.} Nfd7 9. Bxe7 Qxe7 10. Bd3 Bb7 11. Nf3 Nb6 (11... dxe5 $11 12. fxe5 (12.
dxe5 Nc5 $11) (12. Nxe5 f5 $11) 12... Ra7) 12. Bxh7+ ({Better is} 12. Qe2 $14)
12... Kxh7 $11 13. Ng5+ Kg8 $1 {Hoping for ...f6.} 14. Qd3 {[%csl Gg5][%cal
Rd3h7]} g6 $1 15. Qh3 $40 {[%csl Gg5][%cal Rh3h7][%mdl 128] White attacks.} f6
16. exf6 $2 (16. exd6 $11 {and White is okay.} cxd6 17. Nxe6) 16... Rxf6 $19
17. Nce4 Rxf4 $2 (17... Bxe4 $1 $19 18. Nxe4 Rf5) 18. Rdf1 $2 (18. Qh6 $11 {
and White has nothing to worry.} Bxe4 19. Nxe4) 18... Rxf1+ $4 {[%mdl 8192]} (
18... Bxe4 19. Rxf4 Bf5 20. Qh6 $14) (18... Rf5 $1 $19 {avoids the disaster. ..
.Bxe4 is the strong threat.} 19. Qh6 Qg7 20. Qxg7+ Kxg7 21. Nxe6+ Kg8 22. Rxf5
gxf5) 19. Rxf1 $18 {White threatens Rf8+! and mate.} N8d7 (19... Bxe4 20. Rf8+
$1 {[%mdl 512]} Qxf8 21. Qh7#) 20. Rf7 Qxf7 21. Nxf7 Kxf7 22. Qh7+ Ke8 23.
Qxg6+ Ke7 24. Qg7+ {[%mdl 1024] White has strong compensation.} Kd8 25. Ng5 Bd5
26. h4 $1 Kc8 27. h5 Kb7 28. h6 Nf8 (28... Bxg2 {is a better defense.} 29. h7
Bd5) 29. g4 ({Less strong is} 29. h7 Nxh7 30. Nxh7 (30. Qxh7 Rf8 $16) 30... a5
$18) 29... a5 30. h7 Nxh7 31. Nxh7 ({Don't play} 31. Qxh7 $6 Rf8 $16) 31... e5
{Black wants to play ...Rg8.} 32. dxe5 $2 (32. Nf6 $18 {and White stays
clearly on top.}) 32... Rg8 $16 33. Qh6 Rxg4 {[#]} 34. Nf6 (34. b3 $1 $16)
34... Rg1+ $11 35. Kd2 {And now exd6 would win.} dxe5 {White must now prevent .
..Nc4+.} 36. b3 Bc6 37. Qe3 Rg2+ (37... Ra1 $1 $11 {keeps the balance.}) 38.
Kc1 $16 Nd5 39. Nxd5 ({Much weaker is} 39. Qxe5 $6 Nb4 $11) 39... Bxd5 40. Qxe5
{[%mdl 4096] Endgame KQ-KRB} Bc6 41. Kb2 Bd7 {[#]} (41... Kb6 $16 {keeps
fighting.}) 42. Qd5+ (42. Qc3 $1 $18 {and the rest is easy.}) 42... Bc6 43. Qc5
Rg4 44. Qc3 a4 45. Qh3 Re4 46. Qd3 axb3 47. cxb3 b4 48. Qd2 Rg4 {Threatens to
win with ...Rg2!} 49. Qe3 Re4 50. Qd3 Rg4 51. Qe3 {Accuracy: White = 56%,
Black = 48%.} (51. Qf1 $16) 1/2-1/2

[Event "GER-ch Blitz 2019"]
[Site "Magdeburg"]
[Date "2019.05.25"]
[Round "1.10"]
[White "Braeuer, Franz"]
[Black "Krause, Benedict"]
[Result "1/2-1/2"]
[WhiteElo "2445"]
[BlackElo "2434"]
[Annotator "TA"]
[PlyCount "129"]
[EventDate "2019.05.25"]
[EventType "tourn"]
[EventCountry "GER"]
[Tiebreak "Number of wins+Number of black wins"]
[SourceTitle "playchess.com"]
[Source "ChessBase"]
[SourceQuality "1"]

{[%evp 12,129,32,30,41,35,43,29,48,39,69,40,91,66,133,125,132,122,138,136,146,
143,130,143,233,230,227,222,206,153,207,181,229,145,141,144,145,135,133,132,
135,131,135,130,163,162,161,158,161,135,160,147,141,138,158,157,359,355,335,
328,373,243,231,226,240,228,224,208,214,204,203,203,149,204,193,159,192,192,
184,106,192,182,181,21,17,0,0,0,0,0,0,0,0,0,0,0,0,0,0,0,0,-8,-8,-8,0,-8,-8,-8,
0,0,0,0,8,8,8,8,8,0,0,0]} 1. e4 c5 2. Nf3 e6 3. d4 cxd4 4. Nxd4 Nc6 5. Nc3 Nf6
6. Ndb5 Bc5 7. Bf4 O-O {B45: Sicilian Four Knights} 8. Bc7 (8. e5 a6 9. Nd6
Bxd6 10. Qxd6 Qb6 11. exf6 Qxb2 12. Kd2 Qxa1 13. Bh6 Re8 14. fxg7 Ne7 15. g4 {
1-0 (30) Dubov,D (2703)-Basso,P (2521) Skopje 2019}) 8... Qe7 9. Bd6 $1 {
[%cal Rd6e7]} Bxd6 {White has an edge.} 10. Qxd6 Qd8 11. O-O-O (11. Nc7 $5 {
[%cal Rc7a8]} Rb8 12. Rd1 $14) 11... Qb6 (11... a6 $14 12. Nd4 Qb6) 12. Qg3 $36
{[%mdl 2048] White fights for an advantage.} d5 (12... Ne8 $14) 13. Nc7 $146 {
[%cal Rc7a8]} ({Predecessor:} 13. exd5 exd5 14. Nc7 Rb8 15. N7xd5 Nxd5 16. Nxd5
Qa5 17. Nf6+ Kh8 18. Rd5 Qe1+ 19. Rd1 Qa5 20. Rd5 Qe1+ 21. Rd1 {1/2-1/2 (21)
Jung,G (1953)-Buescher,A (2076) Bremen 2015}) 13... Rb8 {White must now
prevent ...d4.} 14. exd5 Nh5 15. Qh4 Qxc7 16. Qxh5 (16. dxc6 $6 Nf6 $14) 16...
exd5 17. Nxd5 Qa5 (17... Qd8 $16 18. Kb1 Be6) 18. Ne7+ $1 $18 Kh8 19. Qxa5 Nxa5
20. Nxc8 Rbxc8 (20... Rfxc8 $16 21. Rd7 Re8) 21. Rd7 Kg8 22. Bd3 Rfd8 23. Rxd8+
Rxd8 $16 {[%mdl 4096] Endgame KRB-KRN} 24. Re1 Kf8 25. b3 (25. Bxh7 g6 $11)
25... Nc6 26. a3 ({Worse is} 26. Bxh7 g6 $11) 26... Nd4 27. Kb2 ({Weaker is} 
27. Bxh7 g6 $11) 27... a6 28. Rd1 ({And not} 28. Bxh7 g6 $11) 28... Ne6 29. g3
g6 30. Re1 Rd6 31. Be4 Nc5 {With the idea ...Re6.} 32. Bf3 Rd2 {Threatens to
win with ...Nd3+.} 33. Re2 Nd3+ $2 (33... Rd7 $16 {is a better defense.} 34. h4
b6) 34. Kc3 $18 {[%mdl 64] Double Attack} Rxe2 35. Bxe2 Nxf2 {KB-KN} 36. Bf3 b6
37. Kd4 Ke7 38. c4 $1 Kd6 39. b4 Nh3 40. Bd5 f6 41. c5+ bxc5+ 42. bxc5+ Kc7 43.
Kc4 Nf2 44. Bg8 $1 h6 {[#]} 45. Bh7 (45. Kd5 $1 $18) 45... g5 {[#]} (45... Ng4
$16) 46. Bf5 $1 Nd1 {Hoping for ...Ne3+.} 47. Kb4 $2 (47. Kd5 $18) 47... Ne3
$11 {The position is equal.} 48. Be4 f5 49. Bd3 f4 {Strongly threatening ...f3.
} 50. gxf4 gxf4 51. Be4 Nf1 52. h4 Nd2 53. Bd3 Nf3 54. Bxa6 Nxh4 55. Kc3 Kc6
56. Kd2 Kxc5 57. Ke2 Kd4 58. Bc8 f3+ 59. Kf2 Ke4 60. Bb7+ Kf4 61. a4 {[%cal
Ba3a4,Ba4a5,Ba5a6][%mdl 32] And now a5 would win.} Ke5 62. a5 Kd6 63. a6 {
a7 is the strong threat.} Kc7 64. Bxf3 Nxf3 65. Kxf3 {Accuracy: White = 68%,
Black = 55%.} 1/2-1/2

[Event "GER-ch Blitz 2019"]
[Site "Magdeburg"]
[Date "2019.05.25"]
[Round "1.11"]
[White "Hebbinghaus, Holger"]
[Black "Buhmann, Rainer"]
[Result "0-1"]
[WhiteElo "2310"]
[BlackElo "2573"]
[Annotator "TA"]
[PlyCount "49"]
[EventDate "2019.05.25"]
[EventType "tourn"]
[EventCountry "GER"]
[Tiebreak "Number of wins+Number of black wins"]
[SourceTitle "playchess.com"]
[Source "ChessBase"]
[SourceQuality "1"]

{[%evp 19,49,25,20,7,25,0,10,0,0,0,14,-4,4,0,0,0,0,0,39,15,32,21,53,7,20,0,9,0,
39,39,38,0]} 1. e4 e6 2. d4 d5 3. exd5 exd5 4. Nf3 Bd6 5. c4 Nf6 6. Nc3 O-O 7.
cxd5 Nbd7 8. Be2 ({Predecessor:} 8. Bg5 Be7 9. Qb3 Nb6 10. Bxf6 Bxf6 {1/2-1/2 
(38) Kopylov,D (2272)-Szustakowski,A (2330) Bad Blankenburg 2018}) 8... Nb6 9.
Bg5 Be7 10. Bxf6 Bxf6 11. Qb3 {C01: French: Exchange Variation} a5 $146 (11...
Bg4 12. O-O Bxf3 13. Bxf3 Bxd4 14. Rad1 Be5 15. a4 Rb8 16. Ne4 Bd6 17. Qc2 Nd7
18. g3 Nf6 {1/2-1/2 (41) Fressinet,L (2722)-Mirzoev,E (2496) Orsay 2018}) 12.
a4 Bg4 13. O-O {The position is equal.} Bxf3 14. Bxf3 Bxd4 15. Rad1 Bxc3 16.
bxc3 Qd6 17. Rfe1 g6 18. Qb5 Rfb8 19. Re3 Nd7 20. Rde1 Nc5 21. h3 b6 22. g3 Rd8
23. Kg2 Rab8 24. h4 h5 25. c4 {[%mdl 32768] Accuracy: White = 30%, Black = 59%.
. Loss on time!?} 0-1

[Event "GER-ch Blitz 2019"]
[Site "Magdeburg"]
[Date "2019.05.25"]
[Round "1.12"]
[White "Baskin, Robert"]
[Black "Barzen, Pascal"]
[Result "1-0"]
[WhiteElo "2398"]
[BlackElo "2292"]
[Annotator "ChessBase"]
[PlyCount "181"]
[EventDate "2019.05.25"]
[EventType "tourn"]
[EventCountry "GER"]
[Tiebreak "Number of wins+Number of black wins"]
[SourceTitle "playchess.com"]
[Source "ChessBase"]
[SourceQuality "1"]
[TimeControl "180+2"]

1. d4 {[%emt 0:00:00]} Nf6 {[%emt 0:00:00]} 2. Bf4 {[%emt 0:00:01]} e6 {
[%emt 0:00:00]} 3. e3 {[%emt 0:00:02]} b6 {[%emt 0:00:00]} 4. Nf3 {[%emt 0:00:
01]} Bb7 {[%emt 0:00:00]} 5. h3 {[%emt 0:00:02]} d5 {[%emt 0:00:01]} 6. Bd3 {
[%emt 0:00:04]} Bd6 {[%emt 0:00:01]} 7. Nbd2 {[%emt 0:00:07]} O-O {[%emt 0:00:
03]} 8. Ne5 {[%emt 0:00:05]} c5 {[%emt 0:00:02]} 9. c3 {[%emt 0:00:01]} Nc6 {
[%emt 0:00:02]} 10. Nxc6 {[%emt 0:00:16]} Bxc6 {[%emt 0:00:01]} 11. Bxd6 {
[%emt 0:00:02]} Qxd6 {[%emt 0:00:01]} 12. f4 {[%emt 0:00:02]} cxd4 {[%emt 0:00:
20]} 13. cxd4 {[%emt 0:00:02]} Ne4 {[%emt 0:00:14]} 14. O-O {[%emt 0:00:16]}
Qb4 {[%emt 0:00:08]} 15. Bxe4 {[%emt 0:00:23]} dxe4 {[%emt 0:00:01]} 16. Rc1 {
[%emt 0:00:02]} Bb5 {[%emt 0:00:13]} 17. Rf2 {[%emt 0:00:02]} Bd3 {[%emt 0:00:
07]} 18. a3 {[%emt 0:00:03]} Qd6 {[%emt 0:00:06]} 19. Nc4 {[%emt 0:00:02]} Bxc4
{[%emt 0:00:37]} 20. Rxc4 {[%emt 0:00:02]} Rfc8 {[%emt 0:00:10]} 21. Rfc2 {
[%emt 0:00:03]} Rxc4 {[%emt 0:00:06]} 22. Rxc4 {[%emt 0:00:02]} h6 {[%emt 0:00:
01]} 23. Qc2 {[%emt 0:00:15]} Rd8 {[%emt 0:00:06]} 24. Qxe4 {[%emt 0:00:05]} g6
{[%emt 0:00:05]} 25. Qc6 {[%emt 0:00:22]} Qe7 {[%emt 0:00:10]} 26. g3 {[%emt 0:
00:07]} h5 {[%emt 0:00:02]} 27. h4 {[%emt 0:00:01]} Qf6 {[%emt 0:00:22]} 28.
Qe4 {[%emt 0:00:02]} Qe7 {[%emt 0:00:11]} 29. Qe5 {[%emt 0:00:08]} Qd7 {
[%emt 0:00:04]} 30. Rc7 {[%emt 0:00:10]} Qa4 {[%emt 0:00:01]} 31. Rc1 {[%emt 0:
00:25]} Qb3 {[%emt 0:00:04]} 32. d5 {[%emt 0:00:25]} exd5 {[%emt 0:00:09]} 33.
Qd4 {[%emt 0:00:02]} Re8 {[%emt 0:00:05]} 34. Kf2 {[%emt 0:00:01]} Kh7 {
[%emt 0:00:14]} 35. Rc7 {[%emt 0:00:02]} Kg8 {[%emt 0:00:04]} 36. Kf3 {[%emt 0:
00:09]} a5 {[%emt 0:00:09]} 37. f5 {[%emt 0:00:08]} gxf5 {[%emt 0:00:05]} 38.
Rc1 {[%emt 0:00:05]} Qb5 {[%emt 0:00:06]} 39. Qf4 {[%emt 0:00:05]} Qd7 {
[%emt 0:00:02]} 40. Qg5+ {[%emt 0:00:01]} Kf8 {[%emt 0:00:00]} 41. Qxh5 Qe6 42.
Qh8+ {[%emt 0:00:03]} Ke7 {[%emt 0:00:03]} 43. Qc3 {[%emt 0:00:01]} Qe4+ {
[%emt 0:00:00]} 44. Kf2 {[%emt 0:00:02]} Rd8 {[%emt 0:00:06]} 45. Qc7+ {
[%emt 0:00:04]} Rd7 {[%emt 0:00:01]} 46. Qf4 {[%emt 0:00:01]} Qd3 {[%emt 0:00:
02]} 47. Qd4 {[%emt 0:00:01]} Qe4 {[%emt 0:00:04]} 48. Rc6 {[%emt 0:00:05]}
Qxd4 49. exd4 {[%emt 0:00:01]} f4 {[%emt 0:00:05]} 50. gxf4 Kf8 51. h5 {
[%emt 0:00:03]} Kg7 {[%emt 0:00:01]} 52. h6+ {[%emt 0:00:01]} Kh7 {[%emt 0:00:
00]} 53. Rxb6 {[%emt 0:00:01]} Rc7 {[%emt 0:00:00]} 54. Kf3 {[%emt 0:00:01]}
Rc2 {[%emt 0:00:02]} 55. Kg4 {[%emt 0:00:02]} Rd2 {[%emt 0:00:01]} 56. Kf5 Rxd4
{[%emt 0:00:01]} 57. Ke5 {[%emt 0:00:06]} Re4+ {[%emt 0:00:01]} 58. Kxd5 {
[%emt 0:00:01]} Rxf4 {[%emt 0:00:01]} 59. Kc5 {[%emt 0:00:03]} a4 {[%emt 0:00:
01]} 60. Kb5 {[%emt 0:00:00]} f5 {[%emt 0:00:03]} 61. Ka5 {[%emt 0:00:02]} Re4
{[%emt 0:00:02]} 62. Rf6 {[%emt 0:00:01]} f4 {[%emt 0:00:02]} 63. Kb5 {[%emt 0:
00:01]} Rd4 {[%emt 0:00:00]} 64. Kc5 {[%emt 0:00:01]} Re4 {[%emt 0:00:01]} 65.
Kd5 {[%emt 0:00:01]} Re2 {[%emt 0:00:00]} 66. Rxf4 {[%emt 0:00:01]} Rxb2 {
[%emt 0:00:02]} 67. Rxa4 {[%emt 0:00:01]} Kxh6 {[%emt 0:00:00]} 68. Kc5 {
[%emt 0:00:03]} Kg5 {[%emt 0:00:01]} 69. Rb4 {[%emt 0:00:06]} Ra2 {[%emt 0:00:
05]} 70. a4 {[%emt 0:00:01]} Kf6 {[%emt 0:00:01]} 71. Re4 {[%emt 0:00:01]} Kf5
{[%emt 0:00:01]} 72. Rd4 {[%emt 0:00:02]} Ke6 {[%emt 0:00:02]} 73. Kb5 {
[%emt 0:00:01]} Ke5 {[%emt 0:00:02]} 74. Rd1 {[%emt 0:00:01]} Ke6 {[%emt 0:00:
02]} 75. a5 {[%emt 0:00:01]} Rb2+ {[%emt 0:00:01]} 76. Ka6 {[%emt 0:00:00]} Rb3
{[%emt 0:00:01]} 77. Ka7 {[%emt 0:00:02]} Rb2 {[%emt 0:00:01]} 78. a6 {[%emt 0:
00:00]} Ke7 {[%emt 0:00:00]} 79. Rd3 {[%emt 0:00:03]} Rb1 {[%emt 0:00:02]} 80.
Ka8 {[%emt 0:00:04]} Rb2 {[%emt 0:00:01]} 81. Rh3 {[%emt 0:00:02]} Kd7 {
[%emt 0:00:01]} 82. Rh7+ {[%emt 0:00:01]} Kc8 {[%emt 0:00:01]} 83. Rb7 {
[%emt 0:00:02]} Ra2 {[%emt 0:00:01]} 84. a7 {[%emt 0:00:01]} Ra1 {[%emt 0:00:
02]} 85. Rb2 {[%emt 0:00:01]} Ra3 {[%emt 0:00:02]} 86. Rc2+ {[%emt 0:00:01]}
Kd7 {[%emt 0:00:01]} 87. Rc4 {[%emt 0:00:02]} Ra2 {[%emt 0:00:02]} 88. Kb7 {
[%emt 0:00:03]} Rb2+ {[%emt 0:00:03]} 89. Ka6 {[%emt 0:00:01]} Ra2+ {[%emt 0:
00:01]} 90. Kb6 {[%emt 0:00:01]} Rb2+ {[%emt 0:00:03]} 91. Ka5 {[%emt 0:00:00]}
1-0

[Event "GER-ch Blitz 2019"]
[Site "Magdeburg"]
[Date "2019.05.25"]
[Round "1.13"]
[White "Heistermann, Till"]
[Black "Koch, Thomas"]
[Result "0-1"]
[WhiteElo "2181"]
[BlackElo "2474"]
[Annotator "TA"]
[PlyCount "76"]
[EventDate "2019.05.25"]
[EventType "tourn"]
[EventCountry "GER"]
[Tiebreak "Number of wins+Number of black wins"]
[SourceTitle "playchess.com"]
[Source "ChessBase"]
[SourceQuality "1"]

{[%evp 10,76,21,21,24,28,32,26,27,23,27,21,35,32,68,0,0,0,0,16,0,-27,-25,-41,
-16,-27,-23,-32,0,0,-13,-33,-41,-68,12,25,41,7,68,102,92,0,0,0,0,-84,-83,-83,
-83,-229,-183,-195,-188,-219,-224,-318,-300,-271,-54,-346,-364,-825,-805,-809,
-795,-854,-854,-846,-833]} 1. c4 e5 2. g3 Nf6 3. Bg2 Bc5 4. Nc3 d6 5. e3 O-O 6.
Nge2 Re8 {A22: English Opening: 1...e5 2 Nc3 Nf6} 7. O-O c6 8. d4 (8. b3 Bb6 9.
Ba3 Bf5 10. d4 e4 11. h3 h6 12. g4 Bh7 13. Ng3 d5 14. h4 {1-0 (38) Mamedyarov,
S (2801)-Anand,V (2768) Saint Louis 2018}) 8... Bb6 {White has an edge.} 9. b3
Bf5 10. h3 h6 11. Ba3 $146 ({Predecessor:} 11. Bb2 Nbd7 12. Kh2 Nf8 13. Na4 Bc7
{0-1 (31) Pokojska,D (2150)-Fedorchuk,S (2603) Warsaw 2008}) 11... a5 12. Qd2 (
12. d5 $1 $14) 12... Na6 $11 13. Rad1 Nb4 14. e4 Bg6 15. d5 cxd5 16. cxd5 Rc8
17. Kh2 Bc5 18. Bb2 Qd7 (18... b5 $5) 19. a3 Na6 20. Rc1 b5 {aiming for ...b4.}
21. Qd3 Nc7 ({Black should try} 21... b4 $15 22. axb4 Nxb4) 22. f4 $1 exf4 23.
Nxf4 b4 (23... Bh7 $1 $11) 24. axb4 $14 axb4 25. Na4 (25. Nxg6 $16 {Na4 is the
strong threat.} bxc3 26. Bxc3 fxg6 27. Bxf6 gxf6 28. Rxf6) 25... Bxe4 $11 26.
Bxe4 Nxe4 27. Nxc5 (27. Rc4 $1 $11 {remains equal.} f5 28. g4 $1 {[%mdl 512]})
27... dxc5 28. Rce1 f5 29. Rd1 (29. Nh5 $17 Ra8 30. Kg1) 29... Rcd8 30. Qc4 Qb5
31. Qxb5 Nxb5 32. Rd3 (32. Rfe1 {was called for.}) 32... g5 $19 33. Nh5 {
[#] intending Ng7.} Nbd6 $2 (33... Nbc3 $1 $19 {And now ...Re5 would win.} 34.
Rxf5 Ra8) 34. Kg2 $2 {[%mdl 8192]} ({White must play} 34. Ng7 $15) 34... Ra8
35. Nf6+ $2 (35. Ra1) 35... Nxf6 {Black is clearly winning.} 36. Bxf6 Ra2+ 37.
Rf2 Rxf2+ 38. Kxf2 Ne4+ {[%mdl 64] Double Attack. Accuracy: White = 45%, Black
= 51%.} 0-1

[Event "GER-ch Blitz 2019"]
[Site "Magdeburg"]
[Date "2019.05.25"]
[Round "1.14"]
[White "Wichmann, Cliff"]
[Black "Braeuning, Rudolf Wilhelm"]
[Result "0-1"]
[WhiteElo "2280"]
[BlackElo "2285"]
[Annotator "ChessBase"]
[PlyCount "72"]
[EventDate "2019.05.25"]
[EventType "tourn"]
[EventCountry "GER"]
[Tiebreak "Number of wins+Number of black wins"]
[SourceTitle "playchess.com"]
[Source "ChessBase"]
[SourceQuality "1"]
[TimeControl "180+2"]

1. d4 {[%emt 0:00:01]} Nf6 {[%emt 0:00:00]} 2. c4 {[%emt 0:00:01]} Nc6 {
[%emt 0:00:00]} 3. Nf3 {[%emt 0:00:01]} e6 {[%emt 0:00:01]} 4. e3 {[%emt 0:00:
01]} d6 {[%emt 0:00:11]} 5. b3 {[%emt 0:00:03]} g6 {[%emt 0:00:03]} 6. Bb2 {
[%emt 0:00:01]} Bg7 {[%emt 0:00:00]} 7. Nbd2 {[%emt 0:00:01]} O-O {[%emt 0:00:
02]} 8. Be2 {[%emt 0:00:04]} Qe7 {[%emt 0:00:05]} 9. O-O {[%emt 0:00:19]} e5 {
[%emt 0:00:01]} 10. d5 {[%emt 0:00:20]} Nb8 {[%emt 0:00:08]} 11. Qc2 {[%emt 0:
00:07]} a5 {[%emt 0:00:01]} 12. a3 {[%emt 0:00:01]} Bf5 {[%emt 0:00:17]} 13. e4
{[%emt 0:00:08]} Bg4 {[%emt 0:00:03]} 14. b4 {[%emt 0:00:04]} Nbd7 {[%emt 0:00:
07]} 15. Rfc1 {[%emt 0:00:25]} b6 {[%emt 0:00:06]} 16. Nf1 {[%emt 0:00:12]} Nh5
{[%emt 0:00:11]} 17. h3 {[%emt 0:00:29]} Bxf3 {[%emt 0:00:06]} 18. Bxf3 {
[%emt 0:00:02]} Nf4 {[%emt 0:00:04]} 19. Ne3 {[%emt 0:00:11]} Qg5 {[%emt 0:00:
06]} 20. Kh2 {[%emt 0:00:07]} f5 {[%emt 0:00:01]} 21. g3 {[%emt 0:00:13]} fxe4
{[%emt 0:00:37]} 22. Bg4 {[%emt 0:00:01]} Nd3 {[%emt 0:00:11]} 23. Rf1 {
[%emt 0:00:11]} Nf6 {[%emt 0:00:07]} 24. Be6+ {[%emt 0:00:11]} Kh8 {[%emt 0:00:
02]} 25. Rad1 {[%emt 0:00:02]} axb4 {[%emt 0:00:03]} 26. axb4 {[%emt 0:00:02]}
Nxb4 {[%emt 0:00:11]} 27. Qe2 {[%emt 0:00:00]} Nd3 {[%emt 0:00:03]} 28. f4 {
[%emt 0:00:12]} exf4 {[%emt 0:00:06]} 29. gxf4 {[%emt 0:00:07]} Nxf4 {[%emt 0:
00:04]} 30. Qf2 {[%emt 0:00:05]} Ra2 {[%emt 0:00:13]} 31. Rd2 {[%emt 0:00:00]}
Nd3 {[%emt 0:00:06]} 32. Qg3 {[%emt 0:00:03]} Qxg3+ {[%emt 0:00:04]} 33. Kxg3 {
[%emt 0:00:02]} Rxb2 {[%emt 0:00:01]} 34. Rxd3 {[%emt 0:00:01]} exd3 {[%emt 0:
00:02]} 35. Rd1 {[%emt 0:00:01]} Ne4+ {[%emt 0:00:04]} 36. Kg4 {[%emt 0:00:03]}
Nf2+ {[%emt 0:00:02]} 0-1

[Event "GER-ch Blitz 2019"]
[Site "Magdeburg"]
[Date "2019.05.25"]
[Round "1.15"]
[White "Voege, Tobias"]
[Black "Feuerstack, Aljoscha"]
[Result "0-1"]
[WhiteElo "2294"]
[BlackElo "2441"]
[Annotator "NA RC"]
[PlyCount "50"]
[EventDate "2019.05.25"]
[EventType "tourn"]
[EventCountry "GER"]
[Tiebreak "Number of wins+Number of black wins"]
[SourceTitle "playchess.com"]
[Source "ChessBase"]
[SourceQuality "1"]
[TimeControl "180+2"]

1. d4 {[%emt 0:00:00]} Nf6 {[%emt 0:00:01]} 2. c4 {[%emt 0:00:01]} c5 {[%emt 0:
00:01]} 3. d5 {[%emt 0:00:01]} b5 {[%emt 0:00:00]} 4. cxb5 {[%emt 0:00:01]} a6
{[%emt 0:00:01]} 5. bxa6 $11 {[%emt 0:00:14]} e6 {[%emt 0:00:01]} 6. Nc3 {
[%emt 0:00:02]} exd5 {[%emt 0:00:01]} 7. Nxd5 {[%emt 0:00:06]} Be7 {[%emt 0:00:
02]} 8. Bf4 {[%emt 0:00:44]} Nxd5 {[%emt 0:00:41]} 9. Qxd5 {[%emt 0:00:03]} Nc6
{[%emt 0:00:01]} 10. e4 {[%emt 0:00:28]} O-O {[%emt 0:00:09]} 11. Nf3 {[%emt 0:
00:32]} Bxa6 {[%emt 0:00:15]} 12. Bxa6 {[%emt 0:00:02]} Qa5+ {[%emt 0:00:17]}
13. Bd2 {[%emt 0:00:10]} Qxa6 {[%emt 0:00:03]} 14. Bc3 {[%emt 0:00:05]} Nb4 {
[%emt 0:00:32]} 15. Bxb4 {[%emt 0:00:14]} cxb4 {[%emt 0:00:01]} 16. Qd2 {
[%emt 0:00:10]} b3 {[%emt 0:00:15]} 17. a3 {[%emt 0:00:16]} Bf6 {[%emt 0:00:19]
} 18. e5 {[%emt 0:00:05]} Rfe8 {[%emt 0:00:01]} 19. Qe2 {[%emt 0:00:01]} Qa5+ {
[%emt 0:00:01]} 20. Qd2 {[%emt 0:00:06]} Qa6 {[%emt 0:00:41]} 21. Qe2 {[%emt 0:
00:01]} Qa5+ {[%emt 0:00:04]} 22. Qd2 {[%emt 0:00:01]} Bxe5 {[%emt 0:00:01]}
23. Qxa5 {[%emt 0:00:01]} Bxb2+ {[%emt 0:00:01]} 24. Kd2 {[%emt 0:00:10]} Rxa5
{[%emt 0:00:01]} 25. Rab1 {[%emt 0:00:03]} Rd5+ {[%emt 0:00:01]} 0-1